Fundamentals of nuclear magnetic resonance

This book explans the physical and mathematical foundations of nuclear magnetic resonance (NMR). It covers different aspects of NMR and discusses the areas of magnetic properties of the nucleus; nuclear paramagnetism; motion of magnetization; continuous wave NMR; pulse NMR; NMR of liquids; the dipol...

Deskribapen osoa

Gorde:
Xehetasun bibliografikoak
Egile nagusia: Jacek W Hennel
Formatua: Liburua
Hizkuntza:Undetermined
Argitaratua: London Longman 1993
Gaiak:
Etiketak: Etiketa erantsi
Etiketarik gabe, Izan zaitez lehena erregistro honi etiketa jartzen!
Thư viện lưu trữ: Trung tâm Học liệu Trường Đại học Cần Thơ
LEADER 00896nam a2200205Ia 4500
001 CTU_27263
008 210402s9999 xx 000 0 und d
020 |b 118.58Dfl 
082 |a 538.362 
082 |b H515 
100 |a Jacek W Hennel 
245 0 |a Fundamentals of nuclear magnetic resonance 
245 0 |c Jacek W Hennel, Jacek Klinowski 
260 |a London 
260 |b Longman 
260 |c 1993 
520 |a This book explans the physical and mathematical foundations of nuclear magnetic resonance (NMR). It covers different aspects of NMR and discusses the areas of magnetic properties of the nucleus; nuclear paramagnetism; motion of magnetization; continuous wave NMR; pulse NMR; NMR of liquids; the dipolar interaction and nuclear magnetic relaxation 
650 |a nuclear magnetic resonance 
904 |i Minh, 981210 
980 |a Trung tâm Học liệu Trường Đại học Cần Thơ